01403nam a2200349 i 4500003000900000005001700009007000300026008004100029020001500070040003000085082002000115245005100135264006600186300002800252336002700280337003400307338002800341490009100369500007200460500007100532504003100603590002700634600002600661600005600687650004400743700003700787710006100824910001400885942001400899952012300913999001701036DO-SdBNP20250909091243.0ta240711b1998 sp 00| 0 spa d a8473327906 aDO-SdBNPbspacBNPHUerda 4a321.74bJ9122200aJuan B. Justo /c edición de Javier Franzé aMadrid, España :bEdiciones de Cultura Hispánica, c1998. a229 páginas :c24 cm. 2rdacontentatextobtxt 2rdamediaasin mediaciónbnc 2rdacarrieravolumenbnc1 a Antología del pensamiento político, social y económico de América Latina v18 aIncluye datos biografícos del editor en la solapa de la portada.  aIncluye datos biografícos de Juan B. Justo en la contraportada.  aBibliografía p: 223-229. aInventariado, 2024/ YL1 aJusto, Juan B.9860431 aJusto, Juan B.xCrítica e interpretación986044 4aPensamiento politico (Argentina)9860451 aFranzé, Javier eeditor9860462 aAgencia Española de Cooperación Internacional934585 aYlockward 2ddccLBS1 00102ddc56708GRaBNPHUbBNPHUcCTd2008-07-01eDonación l0o321.74 J91p2024-4337r2024-07-11w2024-07-11yLBS1 c57249d57249